| 000 | 00621nam a2200241Ia 4500 | ||
|---|---|---|---|
| 003 | OSt | ||
| 005 | 20220918221532.0 | ||
| 006 | a|||||r|||| 00| 0 | ||
| 007 | ta | ||
| 008 | 220917b |||||||| |||| 00| 0 eng d | ||
| 024 | _a199,393 | ||
| 037 | _cTextual | ||
| 040 |
_aARTS _cARTS _beng |
||
| 041 |
_2eng _aeng |
||
| 082 | _aP:(R), M6 | ||
| 100 |
_aJha V. N _98256 |
||
| 245 | 0 | _aStudies in language logic and epistemology | |
| 260 |
_aDelhi _bPratibha prakshan _c1986 |
||
| 300 |
_aix,162 p. _ccm. |
||
| 650 | _aLINGUISTICS | ||
| 942 |
_hP:(R), M6 _cTEXL _2CC |
||
| 999 |
_c272867 _d272867 |
||